Statystyki dla Największe miasto w Hiszpanii według wspólnoty z mapą

Kliknij tutaj aby rozwiązać quiz!

Ogólne statystyki

  • Ten quiz został rozwiązany 147 razy
  • Średni wynik to 9 z 17

Odpowiedzi na mapie

Odpowiedzi skodowane kolorowo w zielono-czerwonej skali na mapie do tego quizu, zgodnie z poniższymi procentami.
 

Statystyki odpowiedzi

Wspólnota AutonomicznaMiasto% Poprawnych
KataloniaBarcelona
98%
MadrytMadryt
96%
Kraj BaskówBilbao
81%
WalencjaWalencja
81%
AndaluzjaSewilla
80%
BalearyPalma
59%
AragoniaSaragossa
58%
MurcjaMurcja
57%
Wyspy KanaryjskieLas Palmas de Gran Canaria
50%
GalicjaVigo
47%
NawarraPampeluna
44%
KantarbiaSantander
30%
AsturiaGijón
28%
Kastylia i LeónValladolid
26%
EstremaduraBadajoz
16%
Kastylia-La ManchaAlbacete
14%
La RiojaLogroño
10%

Rozkład punktacji

Percentyl według liczby udzielonych odpowiedzi

Procent ludzi z każdym wynikiem

Twoja historia wyników

Nie rozwiązałeś tego quizu